[Event "Stay Safe Play From Home 358"]
[Site "Emanuel Lasker Arena"]
[Date "2020.08.05"]
[Round "7"]
[White "TheCHESSHOUSE"]
[Black "AChessPlayer"]
[Result "0-1"]
[WhiteElo "2091"]
[BlackElo "2378"]
[Annotator "RC"]
[PlyCount "82"]
[EventDate "2020.08.05"]
[EventType "swiss (blitz)"]

1. d4 {[%emt 0:00:01]} c6 {[%emt 0:00:00]} 2. c4 {[%emt 0:00:01]} d6 {[%emt 0:00:00]} 3. Nc3 {[%emt 0:00:01]} Nf6 {[%emt 0:00:00]} 4. e4 {[%emt 0:00:01]} Nbd7 {[%emt 0:00:00]} 5. Nf3 {[%emt 0:00:00]} e5 {[%emt 0:00:00]} 6. Be2 {[%emt 0:00:01]} Be7 {[%emt 0:00:00]} 7. O-O {[%emt 0:00:01]} O-O {[%emt 0:00:00]} 8. Nh4 {[%emt 0:00:01]} Re8 {[%emt 0:00:01]} 9. Nf5 {[%emt 0:00:01]} Bf8 {[%emt 0:00:00]} 10. dxe5 {[%emt 0:00:00]} dxe5 {[%emt 0:00:00]} 11. Nd6 {[%emt 0:00:01]} Re6 {[%emt 0:00:02]} 12. Nf5 {[%emt 0:00:01]} Qc7 {[%emt 0:00:03]} 13. Be3 {[%emt 0:00:03]} Nc5 {[%emt 0:00:01]} 14. f3 {[%emt 0:00:02]} Re8 {[%emt 0:00:00]} 15. b4 {[%emt 0:00:01]} Bxf5 {[%emt 0:00:01]} 16. exf5 {[%emt 0:00:03]} Rad8 {[%emt 0:00:01]} 17. Qc2 {[%emt 0:00:01]} Na6 {[%emt 0:00:01]} 18. a3 {[%emt 0:00:01]} b6 {[%emt 0:00:02]} 19. Rad1 {[%emt 0:00:02]} Nb8 {[%emt 0:00:01]} 20. Kh1 {[%emt 0:00:01]} h6 {[%emt 0:00:01]} 21. Ne4 {[%emt 0:00:01]} Nbd7 {[%emt 0:00:02]} 22. Qc1 {[%emt 0:00:02]} Nxe4 {[%emt 0:00:01]} 23. fxe4 {[%emt 0:00:00]} Nf6 {[%emt 0:00:00]} 24. Bf3 {[%emt 0:00:00]} Rxd1 {[%emt 0:00:02]} 25. Rxd1 {[%emt 0:00:00]} Rd8 {[%emt 0:00:00]} 26. h3 {[%emt 0:00:00]} Rd7 {[%emt 0:00:01]} 27. Rxd7 {[%emt 0:00:01]} Qxd7 {[%emt 0:00:01]} 28. Qc2 {[%emt 0:00:01]} a6 {[%emt 0:00:01]} 29. Kh2 {[%emt 0:00:01]} a5 {[%emt 0:00:01]} 30. c5 {[%emt 0:00:02]} axb4 {[%emt 0:00:02]} 31. a4 {[%emt 0:00:01]} bxc5 {[%emt 0:00:01]} 32. a5 {[%emt 0:00:02]} Qa7 {[%emt 0:00:01]} 33. Qa4 {[%emt 0:00:01]} Qa6 {[%emt 0:00:02]} 34. Qa2 {[%emt 0:00:02]} c4 {[%emt 0:00:01]} 35. Be2 {[%emt 0:00:01]} b3 {[%emt 0:00:02]} 36. Qa4 {[%emt 0:00:01]} b2 {[%emt 0:00:01]} 37. Qc2 {[%emt 0:00:02]} Qb5 {[%emt 0:00:01]} 38. Bxc4 {[%emt 0:00:01]} b1=Q {[%emt 0:00:01]} 39. Qc3 {[%emt 0:00:08]} Q1b2 {[%emt 0:00:03]} 40. Qd3 {[%emt 0:00:03]} Qxa5 {[%emt 0:00:00]} 41. Qd8 {[%emt 0:00:05]} Qxd8 {[%emt 0:00:02] TheCHESSHOUSE resigns TheCHESSHOUSE resigns TheCHESSHOUSE resigns TheCHESSHOUSE resigns TheCHESSHOUSE resigns (Lag: Av=0.75s, max=1.1s) (Lag: Av=0.75s, max=1.1s) (Lag: Av=0.75s, max=1.1s) (Lag: Av=0.75s, max=1.1s) (Lag: Av=0.75s, max=1.1s)} 0-1

[Event "Stay Safe Play From Home 358"]
[Site "Emanuel Lasker Arena"]
[Date "2020.08.05"]
[Round "7"]
[White "Greblha"]
[Black "Uber_WING"]
[Result "0-1"]
[WhiteElo "1973"]
[BlackElo "2271"]
[Annotator "TA"]
[PlyCount "118"]
[EventDate "2020.08.05"]
[EventType "swiss (blitz)"]

{[%evp 9,118,8,62,6,18,13,13,11,12,9,21,4,24,-5,0,-8,-3,-41,-31,-31,-31,-29,-27,-43,0,-42,-43,-51,-29,-55,0,0,0,0,0,0,1,0,0,0,0,0,0,0,0,0,16,0,88,88,89,89,89,89,89,81,89,82,83,83,83,44,90,60,176,165,357,357,797,758,1078,775,792,777,1902,1764,2116,2046,2558,2527,2886,2744,5497,3659,29988,29989,29990,29991,29991,29992,29992,29993,29993,29994,29994,29995,29995,29995,29995,29996,29996,29995,29996,29996,29996,29997,29997,29998,29998,29999,29999]} 1. e4 f5 2. Nc3 fxe4 3. Nxe4 Nf6 4. Nxf6+ exf6 {[#]} 5. Nf3 $146 ({Predecessor:} 5. d4 d5 6. Bd3 g6 7. Nf3 Bd6 8. O-O O-O 9. Bh6 Rf7 10. c4 c6 11. h3 {1-0 (60) Berger,J (1706)-Nithammer,W (1659) Playchess.com INT 2020}) 5... Be7 (5... d5 $11) 6. Bc4 {A00: Irregular Openings.} (6. d4 $14) 6... d5 $11 7. Bb3 O-O 8. O-O {The position is equal.} c6 9. d4 Bd6 10. c3 Bg4 11. Be3 Nd7 12. h3 Bh5 13. Bc2 Re8 14. g4 Bg6 15. Bxg6 hxg6 16. Qd3 Kf7 17. Nh4 Nf8 $1 18. Rfe1 Qc7 19. Re2 Bf4 ({Better is} 19... Re4 $15) 20. Rae1 Bxe3 21. Rxe3 Rxe3 22. Qxe3 Qd7 23. Ng2 (23. f4 {is more complex.} Re8 24. Qxe8+ Qxe8 25. Rxe8 Kxe8 26. Kf2) 23... Re8 24. Qxe8+ Qxe8 25. Rxe8 Kxe8 {[%mdl 4096] Endgame KN-KN} 26. f4 Kf7 27. Kf2 Ke6 28. Ke3 f5 (28... g5 $11) 29. g5 $16 Nd7 30. Nh4 Kf7 31. b3 Nb6 32. Kd3 Nd7 33. c4 dxc4+ 34. bxc4 Nf8 35. d5 cxd5 $1 36. cxd5 {Black is now going downhill.} Nd7 (36... Ke7 $14) 37. Kd4 Nb6 $2 {[#]} (37... a6 38. Nf3 Ke7) 38. Kc5 $18 Ke7 $2 (38... Na4+ 39. Kd6 Nc3) 39. Nxg6+ Kd7 40. Nh4 Nc8 41. Nxf5 b6+ 42. Kd4 g6 43. Nh4 Nd6 44. Nxg6 Nf5+ 45. Ke5 Ng3 46. h4 Nh5 47. f5 {White mates.} Ng7 48. f6 Ne8 49. f7 Nd6 50. f8=Q Nc4+ 51. Kf6 Kc7 52. Qe7+ Kb8 53. d6 Nxd6 54. Qxd6+ Kb7 55. Ke7 a5 56. Ne5 Ka6 {[#]} 57. Qc6 $1 a4 58. Nd7 {[%csl Gd7][%cal Rc6b6]} Ka7 59. Qxb6+ Ka8 {[%mdl 32768] Accuracy: White = 81%, Black = 54%. . Sensor Board Error (Ke4/e5)?} 0-1

[Event "Stay Safe Play From Home 358"]
[Site "Emanuel Lasker Arena"]
[Date "2020.08.05"]
[Round "7"]
[White "Stefanone"]
[Black "Ao017545"]
[Result "0-1"]
[WhiteElo "1969"]
[BlackElo "1456"]
[Annotator "NA RC"]
[PlyCount "56"]
[EventDate "2020.08.05"]
[EventType "swiss (blitz)"]

1. c4 {[%emt 0:00:01]} e5 {[%emt 0:00:03]} 2. e4 {[%emt 0:00:00]} Nf6 {[%emt 0:00:01]} 3. Nc3 {[%emt 0:00:00]} Bc5 {[%emt 0:00:01]} 4. g3 {[%emt 0:00:00]} d6 {[%emt 0:00:01]} 5. Bg2 {[%emt 0:00:00]} Ng4 {[%emt 0:00:01]} 6. Nh3 {[%emt 0:00:01]} Qf6 {[%emt 0:00:03]} 7. O-O {[%emt 0:00:01]} Nc6 {[%emt 0:00:02]} 8. d3 {[%emt 0:00:02]} Nd4 {[%emt 0:00:01]} 9. Nd5 {[%emt 0:00:01]} Qd8 {[%emt 0:00:02]} 10. Bf3 {[%emt 0:00:01]} Nxf3+ {[%emt 0:00:02]} 11. Qxf3 {[%emt 0:00:00]} c6 {[%emt 0:00:03]} 12. Ng5 {[%emt 0:00:01]} f6 {[%emt 0:00:05]} 13. Ne3 {[%emt 0:00:02]} fxg5 {[%emt 0:00:02]} 14. Nxg4 {[%emt 0:00:01]} Rf8 {[%emt 0:00:05]} 15. Qg2 {[%emt 0:00:01]} Bxg4 {[%emt 0:00:03]} 16. h3 {[%emt 0:00:00]} Bf3 {[%emt 0:00:01]} 17. Qh2 {[%emt 0:00:01]} Qf6 {[%emt 0:00:01]} 18. Be3 {[%emt 0:00:02]} Be2 {[%emt 0:00:01]} 19. Rfe1 {[%emt 0:00:01]} Bxd3 {[%emt 0:00:04]} 20. Rad1 {[%emt 0:00:02]} Bxe3 {[%emt 0:00:02]} 21. Rxe3 {[%emt 0:00:01]} Bxc4 {[%emt 0:00:02]} 22. b3 {[%emt 0:00:01]} Be6 {[%emt 0:00:01]} 23. Rdd3 {[%emt 0:00:02]} O-O-O {[%emt 0:00:01]} 24. g4 {[%emt 0:00:01]} d5 {[%emt 0:00:03]} 25. Rc3 {[%emt 0:00:02]} d4 {[%emt 0:00:02]} 26. Rcd3 {[%emt 0:00:01]} dxe3 {[%emt 0:00:00]} 27. Rxe3 {[%emt 0:00:00]} Rd1+ {[%emt 0:00:02]} 28. Kg2 {[%emt 0:00:01]} Qxf2# {[%emt 0:00:01] (Lag: Av=0.57s, max=1.1s) (Lag: Av=0.57s, max=1.1s) (Lag: Av=0.57s, max=1.1s) (Lag: Av=0.57s, max=1.1s) (Lag: Av=0.57s, max=1.1s)} 0-1

[Event "Stay Safe Play From Home 358"]
[Site "Emanuel Lasker Arena"]
[Date "2020.08.05"]
[Round "7"]
[White "Edmatuag"]
[Black "Trotsky"]
[Result "1-0"]
[WhiteElo "1684"]
[BlackElo "1633"]
[Annotator "NA RC"]
[PlyCount "81"]
[EventDate "2020.08.05"]
[EventType "swiss (blitz)"]

1. e4 {[%emt 0:00:01]} c5 {[%emt 0:00:01]} 2. Nf3 {[%emt 0:00:02]} e6 {[%emt 0:00:00]} 3. d3 {[%emt 0:00:00]} d5 {[%emt 0:00:01]} 4. h3 {[%emt 0:00:00]} Nc6 {[%emt 0:00:01]} 5. exd5 {[%emt 0:00:02]} exd5 {[%emt 0:00:01]} 6. Be3 {[%emt 0:00:01]} Be6 {[%emt 0:00:01]} 7. Nbd2 {[%emt 0:00:01]} d4 {[%emt 0:00:01]} 8. Bf4 {[%emt 0:00:01]} Bd6 {[%emt 0:00:01]} 9. Bxd6 {[%emt 0:00:01]} Qxd6 {[%emt 0:00:01]} 10. Be2 {[%emt 0:00:02]} Nf6 {[%emt 0:00:01]} 11. O-O {[%emt 0:00:01]} O-O-O {[%emt 0:00:01]} 12. c3 {[%emt 0:00:02]} h5 {[%emt 0:00:01]} 13. cxd4 {[%emt 0:00:01]} Ng4 {[%emt 0:00:02]} 14. dxc5 {[%emt 0:00:04]} Qc7 {[%emt 0:00:01]} 15. Qa4 {[%emt 0:00:04]} Kb8 {[%emt 0:00:03]} 16. Ne4 {[%emt 0:00:03]} Bd5 {[%emt 0:00:01]} 17. Nd6 {[%emt 0:00:01]} Rxd6 {[%emt 0:00:03]} 18. cxd6 {[%emt 0:00:02]} Qxd6 {[%emt 0:00:01]} 19. g3 {[%emt 0:00:02]} h4 {[%emt 0:00:02]} 20. Qf4 {[%emt 0:00:02]} Qxf4 {[%emt 0:00:03]} 21. gxf4 {[%emt 0:00:00]} Bxf3 {[%emt 0:00:01]} 22. Bxf3 {[%emt 0:00:01]} Nf6 {[%emt 0:00:03]} 23. Bxc6 {[%emt 0:00:01]} bxc6 {[%emt 0:00:01]} 24. Rfe1 {[%emt 0:00:01]} Kc7 {[%emt 0:00:01]} 25. Re7+ {[%emt 0:00:01]} Kd6 {[%emt 0:00:01]} 26. Rxf7 {[%emt 0:00:00]} Nd5 {[%emt 0:00:02]} 27. Rxg7 {[%emt 0:00:01]} Rf8 {[%emt 0:00:02]} 28. Rg4 {[%emt 0:00:01]} a5 {[%emt 0:00:02]} 29. Rxh4 {[%emt 0:00:01]} Kc5 {[%emt 0:00:01]} 30. Rg4 {[%emt 0:00:01]} Kd4 {[%emt 0:00:02]} 31. Rd1 {[%emt 0:00:01]} Nxf4 {[%emt 0:00:04]} 32. Re1 {[%emt 0:00:03]} Kxd3 {[%emt 0:00:02]} 33. Re3+ {[%emt 0:00:01]} Kd2 {[%emt 0:00:01]} 34. Kh2 {[%emt 0:00:03]} c5 {[%emt 0:00:01]} 35. Rf3 {[%emt 0:00:01]} c4 {[%emt 0:00:03]} 36. Rfxf4 {[%emt 0:00:01]} Rxf4 {[%emt 0:00:03]} 37. Rxf4 {[%emt 0:00:01]} Ke2 {[%emt 0:00:01]} 38. Rxc4 {[%emt 0:00:01]} Kxf2 {[%emt 0:00:01]} 39. Ra4 {[%emt 0:00:00]} Ke2 {[%emt 0:00:02]} 40. Rxa5 {[%emt 0:00:00]} Kd2 {[%emt 0:00:02]} 41. Rc5 {[%emt 0:00:00] Âðåìÿ Âðåìÿ Âðåìÿ Âðåìÿ Âðåìÿ ' ' ' ' ' (Lag: Av=0.53s, max=2.7s) (Lag: Av=0.53s, max=2.7s) (Lag: Av=0.53s, max=2.7s) (Lag: Av=0.53s, max=2.7s) (Lag: Av=0.53s, max=2.7s)} 1-0

[Event "Stay Safe Play From Home 358"]
[Site "Emanuel Lasker Arena"]
[Date "2020.08.05"]
[Round "8"]
[White "Tran Minh Thang"]
[Black "Gokerkan"]
[Result "0-1"]
[WhiteElo "2526"]
[BlackElo "2559"]
[Annotator "TA"]
[PlyCount "116"]
[EventDate "2020.08.05"]
[EventType "swiss (blitz)"]

{[%evp 11,116,-9,0,-2,3,-2,0,0,0,0,6,5,33,33,39,31,70,16,32,0,39,31,27,25,75,-14,166,152,166,172,177,170,161,145,144,144,145,145,144,147,164,104,128,8,12,-62,-58,-89,-88,-148,-43,-202,-210,-293,-296,-292,-295,-287,-241,-357,-343,-450,-449,-427,-430,-419,-384,-436,-404,-555,-538,-498,-416,-453,-376,-335,-256,-900,-887,-796,-650,-1270,-1258,-29952,-29961,-5708,-11535,-5620,-5503,-29977,-29977,-29982,-29983,-29983,-29984,-29984,-29985,-29985,-29986,-29986,-29987,-29987,-29988,-29988,-29989,-29989,-29990]} 1. d4 Nf6 2. Bf4 g6 3. e3 Bg7 4. Nd2 O-O 5. Ngf3 d6 6. h3 Nc6 7. Be2 {A48: 1 d4 Nf6 2 Nf3 g6: Torre, London and Colle Systems.} Nd7 8. Bh2 e5 {[%cal Re5d4]} 9. c3 {The position is equal.} f5 10. O-O e4 11. Ne1 {[#]} g5 $146 ({Predecessor:} 11... Nf6 12. Nc2 Ne7 13. f3 exf3 14. Bxf3 d5 15. c4 Be6 16. Qe2 c6 17. Be5 Qd7 18. cxd5 cxd5 {½-½ (44) Abramovic,B (2516)-Djukic,N (2531) Zlatibor 2007}) 12. f3 exf3 13. Bxf3 Re8 14. Bd5+ (14. e4 $14) 14... Kh8 $11 15. e4 Nb6 16. Bxc6 bxc6 17. exf5 Nd5 18. Qh5 (18. Nc2 $16) 18... Ne3 $2 {[#]} (18... Rf8 $11 {and Black has nothing to worry.}) 19. f6 $1 $36 {[%cal Rf6g7][%mdl 2560] White is on the roll.} Nxf1 (19... Bxf6 20. Rxf6) 20. fxg7+ Kxg7 21. Nxf1 Bf5 22. Nf3 Bg6 23. Qxg5 Qxg5 24. Nxg5 Re2 25. b3 Rae8 {[#]} 26. Nf3 ({Better is} 26. Bf4 $1 $18) 26... Rc2 $16 27. c4 (27. Bf4 $16) 27... Ree2 $11 28. Kh1 (28. N1d2 $11) 28... Rxg2 $15 {And now ...Be4 would win.} 29. Ne3 Rxa2 30. Rf1 (30. Rxa2 $142 Rxa2 31. Kg1) 30... Rgf2 (30... Rgb2 $17 31. Bf4 Be4) 31. Rxf2 $2 ({Only move:} 31. Kg1 $1 $15 Rxf1+ 32. Nxf1) 31... Rxf2 $19 32. Nh4 Be4+ 33. Kg1 Rb2 34. c5 Rxb3 35. cxd6 (35. Kf2 $142) 35... cxd6 36. Nef5+ Bxf5 37. Nxf5+ Kf6 38. Nxd6 Rxh3 39. Be5+ Ke6 40. Nb7 Kd5 41. Kg2 Re3 42. Kf2 Rb3 43. Nc5 Rb5 {Hoping for ...Rxc5.} 44. Nd3 $2 (44. Bf6) 44... a5 {[%cal Ba7a5,Ba5a4][%mdl 32]} 45. Nf4+ Kc4 46. Ke3 a4 47. Bd6 Rb3+ 48. Ke4 a3 49. Bxa3 Rxa3 {[%mdl 4096] Endgame KR-KN} 50. Ne6 Ra1 {Black mates.} 51. Ng5 Re1+ 52. Kf5 h6 53. Nf3 Rf1 54. Ke4 {[#]} Rxf3 $1 {[%mdl 64] Remove Defender, Deflection} 55. Kxf3 Kxd4 56. Ke2 c5 {[%cal Bc6c5,Bc5c4,Bc4c3][%mdl 32]} 57. Kd2 c4 58. Kc2 c3 {Never resign too early! Accuracy: White = 40%, Black = 74%.} 0-1

[Event "Stay Safe Play From Home 358"]
[Site "Emanuel Lasker Arena"]
[Date "2020.08.05"]
[Round "8"]
[White "BrainThinker22"]
[Black "AChessPlayer"]
[Result "0-1"]
[WhiteElo "2368"]
[BlackElo "2383"]
[Annotator "NA RC"]
[PlyCount "160"]
[EventDate "2020.08.05"]
[EventType "swiss (blitz)"]

1. e4 {[%emt 0:00:01]} d6 {[%emt 0:00:01]} 2. Nc3 {[%emt 0:00:00]} Nf6 {[%emt 0:00:00]} 3. g3 {[%emt 0:00:00]} Nbd7 {[%emt 0:00:00]} 4. Bg2 {[%emt 0:00:01]} e5 {[%emt 0:00:00]} 5. d3 {[%emt 0:00:00]} Be7 {[%emt 0:00:00]} 6. Be3 {[%emt 0:00:00]} O-O {[%emt 0:00:00]} 7. h3 {[%emt 0:00:00]} c6 {[%emt 0:00:00]} 8. Qd2 {[%emt 0:00:00]} b5 {[%emt 0:00:00]} 9. a3 {[%emt 0:00:01]} a5 {[%emt 0:00:01]} 10. Nge2 {[%emt 0:00:00]} Ba6 {[%emt 0:00:00]} 11. O-O {[%emt 0:00:01]} b4 {[%emt 0:00:00]} 12. axb4 {[%emt 0:00:00]} axb4 {[%emt 0:00:00]} 13. Nd1 {[%emt 0:00:00]} Qc7 {[%emt 0:00:01]} 14. f4 {[%emt 0:00:00]} d5 {[%emt 0:00:03]} 15. f5 {[%emt 0:00:03]} dxe4 {[%emt 0:00:02]} 16. dxe4 {[%emt 0:00:00]} Nc5 {[%emt 0:00:02]} 17. Bxc5 {[%emt 0:00:04]} Bxc5+ {[%emt 0:00:00]} 18. Kh2 {[%emt 0:00:00]} Rfd8 {[%emt 0:00:01]} 19. Qe1 {[%emt 0:00:00]} Qb6 {[%emt 0:00:03]} 20. g4 {[%emt 0:00:01]} h6 {[%emt 0:00:01]} 21. Nf2 {[%emt 0:00:06]} Bxe2 {[%emt 0:00:02]} 22. Qxe2 {[%emt 0:00:01]} Rxa1 {[%emt 0:00:03]} 23. Rxa1 {[%emt 0:00:03]} Bxf2 {[%emt 0:00:00]} 24. Ra6 {[%emt 0:00:01]} Qe3 {[%emt 0:00:01]} 25. Qxe3 {[%emt 0:00:01]} Bxe3 {[%emt 0:00:00]} 26. Rxc6 {[%emt 0:00:00]} Bf4+ {[%emt 0:00:00]} 27. Kg1 {[%emt 0:00:00]} Rd2 {[%emt 0:00:00]} 28. Bf1 {[%emt 0:00:02]} Nxe4 {[%emt 0:00:01]} 29. Bd3 {[%emt 0:00:00]} Rd1+ {[%emt 0:00:01]} 30. Kg2 {[%emt 0:00:01]} Ng5 {[%emt 0:00:00]} 31. Rc8+ {[%emt 0:00:01]} Kh7 {[%emt 0:00:01]} 32. f6+ {[%emt 0:00:00]} g6 {[%emt 0:00:00]} 33. h4 {[%emt 0:00:00]} Rd2+ {[%emt 0:00:00]} 34. Kf1 {[%emt 0:00:01]} Nf3 {[%emt 0:00:01]} 35. h5 {[%emt 0:00:01]} Bg3 {[%emt 0:00:01]} 36. hxg6+ {[%emt 0:00:01]} fxg6 {[%emt 0:00:00]} 37. Be2 {[%emt 0:00:03]} Ng5 {[%emt 0:00:03]} 38. Rc7+ {[%emt 0:00:02]} Kh8 {[%emt 0:00:04]} 39. Bc4 {[%emt 0:00:03]} Rd8 {[%emt 0:00:02]} 40. c3 {[%emt 0:00:05]} Rf8 {[%emt 0:00:00]} 41. f7 {[%emt 0:00:01]} Kg7 {[%emt 0:00:01]} 42. cxb4 {[%emt 0:00:01]} e4 {[%emt 0:00:02]} 43. b5 {[%emt 0:00:01]} Bxc7 {[%emt 0:00:01]} 44. Ke2 {[%emt 0:00:02]} Bb6 {[%emt 0:00:00]} 45. Bd5 {[%emt 0:00:01]} Nxf7 {[%emt 0:00:00]} 46. b4 {[%emt 0:00:01]} Ng5 {[%emt 0:00:00]} 47. Bc6 {[%emt 0:00:00]} Rd8 {[%emt 0:00:00]} 48. Bd5 {[%emt 0:00:00]} Rd6 {[%emt 0:00:00]} 49. Bc4 {[%emt 0:00:00]} Kf6 {[%emt 0:00:01]} 50. Bb3 {[%emt 0:00:01]} Ke5 {[%emt 0:00:00]} 51. Bd1 {[%emt 0:00:00]} Rd4 {[%emt 0:00:00]} 52. Bc2 {[%emt 0:00:01]} Rxb4 {[%emt 0:00:00]} 53. Bb1 {[%emt 0:00:00]} Rb2+ {[%emt 0:00:00]} 54. Bc2 {[%emt 0:00:04]} Rb1 {[%emt 0:00:00]} 55. Bd1 {[%emt 0:00:00]} Rxd1 {[%emt 0:00:01]} 56. Kxd1 {[%emt 0:00:01]} Kf4 {[%emt 0:00:00]} 57. Ke2 {[%emt 0:00:00]} Kxg4 {[%emt 0:00:00]} 58. Kf1 {[%emt 0:00:00]} Kf5 {[%emt 0:00:00]} 59. Ke1 {[%emt 0:00:00]} Ke5 {[%emt 0:00:00]} 60. Kd1 {[%emt 0:00:00]} Kd5 {[%emt 0:00:00]} 61. Kc2 {[%emt 0:00:00]} Kc5 {[%emt 0:00:00]} 62. Kb3 {[%emt 0:00:00]} Kxb5 {[%emt 0:00:00]} 63. Kc2 {[%emt 0:00:00]} Bc7 {[%emt 0:00:00]} 64. Kd1 {[%emt 0:00:00]} Bf4 {[%emt 0:00:00]} 65. Ke2 {[%emt 0:00:00]} h5 {[%emt 0:00:00]} 66. Kf1 {[%emt 0:00:00]} h4 {[%emt 0:00:00]} 67. Ke2 {[%emt 0:00:00]} Be5 {[%emt 0:00:00]} 68. Kf1 {[%emt 0:00:00]} Kc5 {[%emt 0:00:00]} 69. Kg1 {[%emt 0:00:00]} Kd5 {[%emt 0:00:00]} 70. Kh1 {[%emt 0:00:00]} Ke6 {[%emt 0:00:00]} 71. Kg1 {[%emt 0:00:00]} Kf5 {[%emt 0:00:00]} 72. Kh1 {[%emt 0:00:00]} Kg4 {[%emt 0:00:00]} 73. Kg2 {[%emt 0:00:00]} Bf6 {[%emt 0:00:00]} 74. Kf1 {[%emt 0:00:00]} Bg7 {[%emt 0:00:00]} 75. Ke2 {[%emt 0:00:00]} Bh6 {[%emt 0:00:00]} 76. Kf1 {[%emt 0:00:00]} Kg3 {[%emt 0:00:00]} 77. Kg1 {[%emt 0:00:00]} h3 {[%emt 0:00:00]} 78. Kh1 {[%emt 0:00:00]} e3 {[%emt 0:00:00]} 79. Kg1 {[%emt 0:00:00]} e2 {[%emt 0:00:00]} 80. Kh1 {[%emt 0:00:00]} e1=Q# {[%emt 0:00:00] (Lag: Av=0.64s, max=1.1s) (Lag: Av=0.64s, max=1.1s) (Lag: Av=0.64s, max=1.1s) (Lag: Av=0.64s, max=1.1s) (Lag: Av=0.64s, max=1.1s)} 0-1

[Event "Stay Safe Play From Home 358"]
[Site "Emanuel Lasker Arena"]
[Date "2020.08.05"]
[Round "8"]
[White "Tolka"]
[Black "NTBT_DHS"]
[Result "0-1"]
[WhiteElo "2337"]
[BlackElo "2621"]
[Annotator "TA"]
[PlyCount "122"]
[EventDate "2020.08.05"]
[EventType "swiss (blitz)"]

{[%evp 14,121,58,29,35,18,18,11,12,20,16,-22,-5,-16,-4,0,-23,-10,-16,-11,-34,-47,-5,-51,-25,-25,-31,-43,-39,-87,-88,-112,-112,-112,-104,-185,-170,-178,-146,-278,-282,-286,-285,-256,-185,-326,-241,-241,-255,-227,-131,-174,-189,-203,-144,-1271,-1229,-1131,-1215,-7554,-11180,-5421,-5904,-1972,-1860,-1327,-1174,-12839,-12839,-12840,-12840,-12840,-12840,-12843,-12843,-12844,-12844,-12847,-12846,-12847,-12846,-12851,-27999,-12851,-27999,-12851,-27999,-12851,-27999,-27999,-27999,-27999,-27999,-27999,-27999,-27998,-27999,-27998,-27998,-27999,-27999,-27999,-27999,-27998,-27998,-27999,-27999,-27999,-27999,-27999]} 1. e4 g6 2. d4 Bg7 3. Nc3 d6 4. Nf3 Nf6 5. Be2 O-O 6. O-O b6 7. Re1 Bb7 8. Bf1 (8. e5 $5 {[%cal Re5f6]} Nd5 9. Nxd5 Bxd5 10. Bf4 $11) 8... Nc6 $5 {[%mdl 4] A promising side line. B08: Pirc Defence: Classical System.} 9. h3 e5 10. d5 Ne7 {The position is equal.} 11. a4 {[#]} a6 $146 ({Predecessor:} 11... h6 12. a5 Nd7 13. Nd2 f5 14. Bc4 Nf6 15. Qe2 g5 16. Ba6 Bxa6 17. Qxa6 g4 18. hxg4 fxg4 {½-½ (58) Perpinya Rofes,L (2381)-Blazquez Gomez,J (2226) Barcelona 2005}) 12. a5 b5 $1 13. Bg5 h6 14. Bxf6 Bxf6 15. Na2 c6 $36 {[%mdl 2048] Black has some pressure.} 16. dxc6 Nxc6 17. c3 Qxa5 18. Nb4 Qc7 19. Nd5 Qd8 20. Qd2 Bg7 21. Nh2 Ne7 22. c4 Nxd5 23. cxd5 f5 24. exf5 (24. Nf3 $17) 24... gxf5 $19 25. g4 Qh4 26. gxf5 (26. Bg2 $17) 26... Rxf5 27. Bg2 Raf8 {[%cal Rf5f2]} 28. Re2 Bc8 29. Ng4 (29. Nf1 $142) 29... Rf4 30. Ra3 Bxg4 31. hxg4 e4 ({Black should play} 31... Rxg4 $19 {Strongly threatening ...h5.} 32. f3 Rg5) 32. Rh3 Qg5 33. Rg3 Be5 ({Much less strong is} 33... Rxg4 34. Qxg5 Rxg5 35. Rxg5 $17) 34. Qc2 $2 {[%mdl 8192] White does not recover from this.} (34. Bxe4 $17 Qh4 35. Bf5) 34... Rxf2 35. Rxf2 Bd4 {[%mdl 64] [#] Pin, Discovered Attack} ({Less strong is} 35... Bxg3 36. Rxf8+ Kxf8 37. Qc8+ Ke7 38. Qc7+ Kf6 39. Qd8+ Kf7 40. Qd7+ Kf6 41. Qe6+ Kg7 42. Qd7+ Kf8 43. Qc8+ Ke7 44. Qc7+ Kf6 45. Qd8+ Kf7 46. Qd7+ Qe7 47. Qf5+ Qf6 48. Bxe4 $17) 36. Qxe4 Bxf2+ 37. Kh2 Bxg3+ 38. Kxg3 Qe5+ 39. Qxe5 dxe5 {[%mdl 4096] Endgame KR-KB} 40. d6 Rd8 41. Bd5+ Kg7 42. Bb7 Rxd6 43. g5 hxg5 44. Kg4 a5 45. Kxg5 Rd2 46. Kf5 Rxb2 47. Kxe5 a4 48. Be4 a3 {[#] ( -> ...a2)} 49. Bb1 b4 50. Ba2 Rxa2 {KR-K} 51. Kd6 {Black mates.} Rb2 52. Kd5 a2 53. Kd6 a1=Q 54. Ke5 Qa5+ 55. Ke6 b3 56. Kd7 Rc2 57. Ke8 b2 58. Ke7 b1=Q 59. Ke8 Qbb6 60. Ke7 Qaa7+ 61. Ke8 Qbb8# {Accuracy: White = 55%, Black = 71%.} 0-1

[Event "Stay Safe Play From Home 358"]
[Site "Emanuel Lasker Arena"]
[Date "2020.08.05"]
[Round "8"]
[White "Uber_WING"]
[Black "Edmatuag"]
[Result "1-0"]
[WhiteElo "2277"]
[BlackElo "1699"]
[Annotator "TA"]
[PlyCount "59"]
[EventDate "2020.08.05"]
[EventType "swiss (blitz)"]

{[%evp 11,59,-16,-22,-22,-14,-35,0,-39,0,-51,-43,-45,-3,-51,-13,-8,-11,-34,43,-60,59,-42,30,33,468,449,685,689,697,688,634,657,974,354,339,292,828,781,1268,1259,29990,29991,29990,2124,2029,2073,29995,29973,5469,2198]} 1. e4 c5 2. Nc3 d6 3. g3 Nc6 4. Bg2 g6 5. d3 Bg7 6. Nh3 e6 7. O-O {B25: Closed Sicilian: 3 g3, lines without early Be3.} Nge7 8. f4 Bd7 {[#]} 9. g4 $146 {The position is equal.} ({Predecessor:} 9. Be3 a6 10. Qd2 Bd4 11. Bxd4 Nxd4 12. Ne2 Nxe2+ 13. Qxe2 Qc7 14. Rae1 Qb6 15. c3 c4+ {½-½ (30) Lubbe,M (1573)-Ritter,K (1750) Leutersdorf 2002}) 9... a6 {[#]} 10. Be3 (10. f5 $1 $11 {[%mdl 512]} Be5 (10... exf5 11. gxf5) 11. fxe6 Bxe6 12. Nf4) 10... Qc7 $15 11. Qd2 Bd4 12. Kh1 Bxe3 13. Qxe3 Nd4 14. Qf2 Nec6 ({Black should try} 14... O-O-O $15) 15. a4 (15. Nd1 $14) 15... b6 ({Black should play} 15... Nb4 $15 16. Rac1 h5) 16. f5 (16. Nd1 $1 $14) 16... gxf5 (16... O-O-O $1 $15) 17. exf5 $11 {Hoping for Ng5.} exf5 $2 {[%mdl 8192] This move loses the game for Black.} ({Better is} 17... O-O-O $14) 18. Nd5 $18 Qb7 (18... Qd8 $142 19. c3 h5 20. gxh5 Nb3) 19. Rae1+ Kd8 20. Qh4+ Kc8 21. Qf6 Re8 22. Ne7+ $2 (22. Rxe8+ Bxe8 23. Re1) 22... Kb8 23. c3 ({Much less strong is} 23. Qxf7 Nxc2 24. Nxc6+ (24. Qxh7 Nxe1 25. Rxe1 Ra7 $11) 24... Qxc6 $18) (23. Nxf5 Rxe1 24. Rxe1 Bxf5 $18) (23. Qxd6+ Qc7 $18) 23... Ka7 $2 (23... Ne6 24. Nxf5 Qc7) 24. cxd4 cxd4 25. Qxd6 Reb8 26. Nxc6+ Bxc6 27. Qxc6 (27. Bxc6 $142 Qxc6+ {[%mdl 64] Remove Defender} 28. Qxc6 Rb7 29. a5 Rab8 30. Rxf5 h5 31. gxh5 f6 {[#]} 32. Rb5 $1 {[%mdl 512]}) 27... Qxc6 28. Bxc6 {Intending Re7+ and mate.} Rc8 29. Bxa8 Kxa8 30. Re7 {Accuracy: White = 46%, Black = 19%.} 1-0